[Event "SK Dülmen 1 - Südlohner SV 1"]
[Site "Regionalliga, Gr. 2 2022/2023"]
[Date "2023.02.25"]
[Round "5.1"]
[White "Voelker, Christian"]
[Black "Loedding, Detlef"]
[Result "1/2-1/2"]
[WhiteElo "2074"]
[BlackElo "1916"]
[PlyCount "26"]
[EventDate "2023.??.??"]
[SourceTitle "Verband Muensterland"]
[SourceDate "2022.09.15"]
[SourceVersion "1"]
[SourceVersionDate "2022.09.15"]
[SourceQuality "1"]
[WhiteTeam "Suedlohn"]
[BlackTeam "Duelmen"]
[WhiteTeamCountry "GER"]
[BlackTeamCountry "GER"]

1. d4 Nf6 2. Nc3 d5 3. e4 Nxe4 4. Nxe4 dxe4 5. Bc4 Nd7 6. Qh5 g6 7. Qd5 e6 8.
Qxe4 Bg7 9. Nf3 Nf6 10. Qe2 Qd6 11. O-O O-O 12. Bg5 b6 13. Ba6 c5 1/2-1/2

[Event "SK Dülmen 1 - Südlohner SV 1"]
[Site "Regionalliga, Gr. 2 2022/2023"]
[Date "2023.02.25"]
[Round "5.2"]
[White "Koetting, Hans Erich"]
[Black "Teloeken, Andreas"]
[Result "0-1"]
[WhiteElo "1882"]
[BlackElo "2033"]
[PlyCount "114"]
[EventDate "2023.??.??"]
[SourceTitle "Verband Muensterland"]
[SourceDate "2022.09.15"]
[SourceVersion "1"]
[SourceVersionDate "2022.09.15"]
[SourceQuality "1"]
[WhiteTeam "Duelmen"]
[BlackTeam "Suedlohn"]
[WhiteTeamCountry "GER"]
[BlackTeamCountry "GER"]

1. d4 d5 2. Nf3 Nf6 3. Bf4 e6 4. Nbd2 Bd6 5. Bg5 c5 6. e3 O-O 7. c3 Nbd7 8. Bd3
Qc7 9. Qe2 Re8 10. O-O h6 11. Bh4 Ng4 12. Bg3 Bxg3 13. hxg3 e5 14. dxe5 Ndxe5
15. Bc2 Bd7 16. Rfd1 Nxf2 17. Nxe5 Nxd1 18. Nxd7 Nxe3 19. Ba4 Re6 20. Qf3 Rd8
21. Re1 d4 22. Ne4 b6 23. Re2 Rxd7 24. Bxd7 Qxd7 25. Nf2 Rd6 26. Qa8+ Kh7 27.
Qe4+ Qf5 28. Rxe3 Qxe4 29. Rxe4 dxc3 30. bxc3 Rd2 31. a4 Rc2 32. Rc4 Kg6 33.
Ng4 f5 34. Ne5+ Kf6 35. Nf3 Ke6 36. a5 g5 37. g4 Kd5 38. gxf5 Kxc4 39. f6 Rc1+
40. Kh2 Rd1 41. axb6 axb6 42. f7 Rd8 43. Ne5+ Kxc3 44. Nd7 b5 45. Nxc5 Rf8 46.
Ne4+ Kd3 47. Nd6 b4 48. Kg3 b3 49. Kg4 b2 50. Kh5 b1=Q 51. Kxh6 Qb6 52. Kg7
Qxd6 53. g4 Qe7 54. Kg6 Qxf7+ 55. Kxg5 Rg8+ 56. Kh4 Qf2+ 57. Kh5 Qh2# 0-1

[Event "SK Dülmen 1 - Südlohner SV 1"]
[Site "Regionalliga, Gr. 2 2022/2023"]
[Date "2023.02.25"]
[Round "5.3"]
[White "Funke, Reinhard"]
[Black "Rebber, Christian"]
[Result "1-0"]
[WhiteElo "2025"]
[BlackElo "1868"]
[PlyCount "65"]
[EventDate "2023.??.??"]
[SourceTitle "Verband Muensterland"]
[SourceDate "2022.09.15"]
[SourceVersion "1"]
[SourceVersionDate "2022.09.15"]
[SourceQuality "1"]
[WhiteTeam "Suedlohn"]
[BlackTeam "Duelmen"]
[WhiteTeamCountry "GER"]
[BlackTeamCountry "GER"]

1. d4 d5 2. c4 c6 3. e3 Nf6 4. Nc3 e6 5. Nf3 Be7 6. Bd3 O-O 7. O-O b6 8. b3 Bb7
9. Bb2 Nbd7 10. Rc1 Rc8 11. Qe2 c5 12. cxd5 exd5 13. Bf5 Rb8 14. Rfd1 Bd6 15.
Nb5 Ba6 16. a4 Qe7 17. Bd3 Bxb5 18. axb5 Ne4 19. Ra1 Ndf6 20. Ne5 Ra8 21. f3
Ng5 22. h4 Ne6 23. Nc6 Qc7 24. dxc5 Nxc5 25. Bxf6 gxf6 26. Qc2 h6 27. Bh7+ Kh8
28. Rxd5 a6 29. Rad1 Bh2+ 30. Kf1 axb5 31. Nd4 b4 32. Rh5 Kg7 33. Nf5+ 1-0

[Event "SK Dülmen 1 - Südlohner SV 1"]
[Site "Regionalliga, Gr. 2 2022/2023"]
[Date "2023.02.25"]
[Round "5.4"]
[White "Eiersbrock, Marko"]
[Black "Doennebrink, Elmar"]
[Result "1-0"]
[WhiteElo "1802"]
[BlackElo "2025"]
[PlyCount "105"]
[EventDate "2023.??.??"]
[SourceTitle "Verband Muensterland"]
[SourceDate "2022.09.15"]
[SourceVersion "1"]
[SourceVersionDate "2022.09.15"]
[SourceQuality "1"]
[WhiteTeam "Duelmen"]
[BlackTeam "Suedlohn"]
[WhiteTeamCountry "GER"]
[BlackTeamCountry "GER"]

1. d4 Nf6 2. c4 g6 3. Nc3 Bg7 4. Nf3 O-O 5. g3 d6 6. Bg2 Nbd7 7. O-O e5 8. dxe5
dxe5 9. Qc2 c6 10. b3 Re8 11. Ng5 Bf8 12. Bb2 Qc7 13. Rad1 h6 14. Nge4 Nxe4 15.
Nxe4 f5 16. Rxd7 Bxd7 17. Nf6+ Kf7 18. Nxe8 Rxe8 19. Rd1 Bc8 20. Qc3 Qb6 21. e3
Qb4 22. Qc2 Qe7 23. a3 Bg7 24. Qc3 Rd8 25. Rxd8 Qxd8 26. f4 Qd1+ 27. Kf2 Be6
28. Bf3 Qd8 29. fxe5 Qc7 30. c5 Ke8 31. Be2 Bd5 32. Bc4 Ke7 33. Qd4 Ke6 34. e4
fxe4 35. Qxe4 Qf7+ 36. Qf4 Qf5 37. Be2 h5 38. Qxf5+ gxf5 39. b4 h4 40. gxh4
Bxe5 41. Bxe5 Kxe5 42. h5 Kd4 43. h6 Bg8 44. Kf3 Ke5 45. Bd3 Bh7 46. h4 Bg6 47.
Bc4 Bh5+ 48. Kf2 Kf6 49. h7 Kg7 50. Bg8 Bd1 51. Ke3 Bc2 52. Kf4 Be4 53. Be6 1-0

[Event "SK Dülmen 1 - Südlohner SV 1"]
[Site "Regionalliga, Gr. 2 2022/2023"]
[Date "2023.02.25"]
[Round "5.5"]
[White "Hater, Wolfgang"]
[Black "Gehlen, Horst"]
[Result "1-0"]
[WhiteElo "1983"]
[BlackElo "1765"]
[PlyCount "69"]
[EventDate "2023.??.??"]
[SourceTitle "Verband Muensterland"]
[SourceDate "2022.09.15"]
[SourceVersion "1"]
[SourceVersionDate "2022.09.15"]
[SourceQuality "1"]
[WhiteTeam "Suedlohn"]
[BlackTeam "Duelmen"]
[WhiteTeamCountry "GER"]
[BlackTeamCountry "GER"]

1. e4 c5 2. Nf3 d6 3. d3 Nf6 4. c3 Nbd7 5. Nbd2 g6 6. d4 cxd4 7. cxd4 Bg7 8.
Bd3 O-O 9. Qe2 e5 10. d5 Nh5 11. Nc4 Nc5 12. Bc2 b5 13. Ne3 Nf4 14. Qd1 Ba6 15.
b4 Nd7 16. g3 Nh3 17. Kf1 Bc8 18. Bd3 Nb6 19. Kg2 Nc4 20. Rf1 Bd7 21. Rb1 Rc8
22. Ng1 Nxg1 23. Rxg1 f5 24. f3 Qf6 25. Kh1 fxe4 26. Bxe4 Bf5 27. Ng4 Bxg4 28.
fxg4 h6 29. Rb3 Qf2 30. g5 h5 31. Bxg6 e4 32. Qxh5 Rf3 33. Bxe4 Rxb3 34. axb3
Ne3 35. Bxe3 1-0

[Event "SK Dülmen 1 - Südlohner SV 1"]
[Site "Regionalliga, Gr. 2 2022/2023"]
[Date "2023.02.25"]
[Round "5.6"]
[White "Liebing, Ingo"]
[Black "Wittek, Felix"]
[Result "1-0"]
[WhiteElo "1733"]
[BlackElo "1640"]
[PlyCount "41"]
[EventDate "2023.??.??"]
[SourceTitle "Verband Muensterland"]
[SourceDate "2022.09.15"]
[SourceVersion "1"]
[SourceVersionDate "2022.09.15"]
[SourceQuality "1"]
[WhiteTeam "Duelmen"]
[BlackTeam "Suedlohn"]
[WhiteTeamCountry "GER"]
[BlackTeamCountry "GER"]

1. d4 Nf6 2. Bf4 g6 3. Nc3 Bg7 4. e4 d6 5. h3 Nbd7 6. Nf3 c5 7. d5 a6 8. a4 Nh5
9. Bd2 O-O 10. Qc1 Ne5 11. Be2 Nf6 12. O-O Nxf3+ 13. Bxf3 e5 14. Bg5 Bd7 15.
Be2 Qc8 16. f4 exf4 17. Qxf4 Ne8 18. Be7 f5 19. Bxf8 Bxf8 20. exf5 Bxf5 21. g4
1-0

[Event "SK Dülmen 1 - Südlohner SV 1"]
[Site "Regionalliga, Gr. 2 2022/2023"]
[Date "2023.02.25"]
[Round "5.7"]
[White "Teloeken, Daniel"]
[Black "Stegemann, Norbert"]
[Result "1-0"]
[WhiteElo "1957"]
[BlackElo "1839"]
[PlyCount "95"]
[EventDate "2023.??.??"]
[SourceTitle "Verband Muensterland"]
[SourceDate "2022.09.15"]
[SourceVersion "1"]
[SourceVersionDate "2022.09.15"]
[SourceQuality "1"]
[WhiteTeam "Suedlohn"]
[BlackTeam "Duelmen"]
[WhiteTeamCountry "GER"]
[BlackTeamCountry "GER"]

1. c4 c6 2. Nf3 d5 3. g3 Nf6 4. Bg2 e6 5. b3 Bd6 6. Bb2 Nbd7 7. d3 O-O 8. Nc3
e5 9. e3 Nc5 10. cxd5 cxd5 11. O-O Bg4 12. d4 exd4 13. Qxd4 Ne6 14. Qd2 Bb4 15.
Qd3 Rc8 16. Ne5 d4 17. exd4 Qxd4 18. Qxd4 Nxd4 19. Nxg4 Nxg4 20. Nd5 Ne2+ 21.
Kh1 Bc5 22. Bf3 Nxf2+ 23. Rxf2 Bxf2 24. Ne7+ Kh8 25. Nxc8 Rxc8 26. Bxb7 Rb8 27.
Rd1 h6 28. Bf3 Ng1 29. Bh5 Nh3 30. Kg2 Bb6 31. Kxh3 f6 32. Bg6 Kg8 33. Rd7 Kf8
34. Ba3+ Kg8 35. Bb2 Rc8 36. Bd4 Rb8 37. Kg4 Kf8 38. h4 Kg8 39. Kf5 Kf8 40. Bb2
Bf2 41. Ba3+ Kg8 42. Bd6 Ra8 43. Bf7+ Kh7 44. Bg6+ Kg8 45. Kg4 Rc8 46. Kh5 Ra8
47. Be4 Re8 48. Kg6 1-0

[Event "SK Dülmen 1 - Südlohner SV 1"]
[Site "Regionalliga, Gr. 2 2022/2023"]
[Date "2023.02.25"]
[Round "5.8"]
[White "Ulunque Villazon, Humberto"]
[Black "Richters, Alfred"]
[Result "1-0"]
[WhiteElo "1618"]
[BlackElo "1854"]
[PlyCount "139"]
[EventDate "2023.??.??"]
[SourceTitle "Verband Muensterland"]
[SourceDate "2022.09.15"]
[SourceVersion "1"]
[SourceVersionDate "2022.09.15"]
[SourceQuality "1"]
[WhiteTeam "Duelmen"]
[BlackTeam "Suedlohn"]
[WhiteTeamCountry "GER"]
[BlackTeamCountry "GER"]

1. d4 e6 2. c4 f5 3. Nc3 Nf6 4. Nf3 Be7 5. Bg5 b6 6. e3 Bb7 7. g3 h6 8. Bxf6
Bxf6 9. Bg2 Qe7 10. O-O O-O 11. Re1 Qe8 12. Rc1 g5 13. d5 e5 14. e4 fxe4 15.
Rxe4 Na6 16. Nd2 d6 17. Re1 Nc5 18. Nde4 Nxe4 19. Nxe4 a5 20. Rc3 Bg7 21. Bf3
Bc8 22. Rce3 Bf5 23. R1e2 Qd7 24. Rd2 Kh8 25. g4 Bg6 26. Ng3 Rf4 27. b3 Raf8
28. Kg2 Qf7 29. Qe2 Qd7 30. h3 Qf7 31. Be4 Bxe4+ 32. Nxe4 Kg8 33. Rdd3 Kh7 34.
Rf3 Rxf3 35. Rxf3 Qxf3+ 36. Qxf3 Rxf3 37. Kxf3 Kg6 38. Ng3 Bf6 39. Ke4 Bd8 40.
Nf5 Bf6 41. f3 h5 42. a3 hxg4 43. hxg4 Bd8 44. b4 axb4 45. axb4 Bf6 46. Ne3 Be7
47. Nd1 Kf6 48. Nb2 Bd8 49. Nd3 Be7 50. b5 Kg6 51. Nb4 Kf6 52. Nc6 Bf8 53. Nd8
Be7 54. Ne6 Kg6 55. Nxc7 Kf6 56. Na6 Bd8 57. Nb4 Kg6 58. Nc6 Bc7 59. Ne7+ Kf6
60. Nc8 Kg6 61. c5 dxc5 62. d6 Bd8 63. Kxe5 Kf7 64. d7 c4 65. Nd6+ Ke7 66. Nxc4
Kxd7 67. Kf5 Kc7 68. Ke6 Kb7 69. Nd6+ Kc7 70. Nf7 1-0

[Event "SC Gronau 1 - SG Turm Raesfeld/Erle 2"]
[Site "Regionalliga, Gr. 2 2022/2023"]
[Date "2023.02.25"]
[Round "5.1"]
[White "Greifenberg, Daniel"]
[Black "Monsma, Menno"]
[Result "1/2-1/2"]
[WhiteElo "2057"]
[BlackElo "2077"]
[PlyCount "35"]
[EventDate "2023.??.??"]
[SourceTitle "Verband Muensterland"]
[SourceDate "2022.09.15"]
[SourceVersion "1"]
[SourceVersionDate "2022.09.15"]
[SourceQuality "1"]
[WhiteTeam "Raesfeld Erle II"]
[BlackTeam "Gronau"]
[WhiteTeamCountry "GER"]
[BlackTeamCountry "GER"]

1. d4 Nf6 2. c4 e6 3. Nf3 b6 4. g3 Ba6 5. Qa4 Be7 6. Nc3 Bb7 7. Bg2 O-O 8. b4
Nc6 9. Ne5 Bxb4 10. Bb2 a5 11. O-O Nxe5 12. Bxb7 Nxc4 13. Bxa8 Nxb2 14. Qc2
Bxc3 15. Qxc3 Na4 16. Qa3 Qxa8 17. Qxa4 Qe4 18. Qd1 1/2-1/2

[Event "SC Gronau 1 - SG Turm Raesfeld/Erle 2"]
[Site "Regionalliga, Gr. 2 2022/2023"]
[Date "2023.02.25"]
[Round "5.2"]
[White "Kamphuis, Jasper"]
[Black "Tuente, Marcel"]
[Result "1-0"]
[WhiteElo "2081"]
[BlackElo "1845"]
[PlyCount "69"]
[EventDate "2023.??.??"]
[SourceTitle "Verband Muensterland"]
[SourceDate "2022.09.15"]
[SourceVersion "1"]
[SourceVersionDate "2022.09.15"]
[SourceQuality "1"]
[WhiteTeam "Gronau"]
[BlackTeam "Raesfeld Erle II"]
[WhiteTeamCountry "GER"]
[BlackTeamCountry "GER"]

1. e4 e5 2. Nf3 Nc6 3. Bc4 Nf6 4. d4 exd4 5. e5 d5 6. Bb5 Ne4 7. Nxd4 Bd7 8.
Bxc6 bxc6 9. O-O Bc5 10. Be3 O-O 11. f3 Ng5 12. Nd2 Re8 13. f4 Ne6 14. N2b3 Bb6
15. Qd3 Qh4 16. Nxe6 Rxe6 17. Rf3 Rh6 18. h3 Re8 19. Nd4 Rg6 20. Bf2 Qe7 21. f5
Rh6 22. Re1 Qb4 23. b3 c5 24. c3 Qa5 25. e6 fxe6 26. fxe6 Bxe6 27. Nxe6 c4 28.
Qf5 Rf6 29. Qg4 Rg6 30. Qf5 Rf6 31. Qh5 Rg6 32. bxc4 Bxf2+ 33. Rxf2 Qxc3 34.
Ref1 Qb4 35. Rf8+ 1-0

[Event "SC Gronau 1 - SG Turm Raesfeld/Erle 2"]
[Site "Regionalliga, Gr. 2 2022/2023"]
[Date "2023.02.25"]
[Round "5.3"]
[White "Terhart, Juergen"]
[Black "Reckzuegel, Philipp"]
[Result "1/2-1/2"]
[WhiteElo "1816"]
[BlackElo "1942"]
[PlyCount "38"]
[EventDate "2023.??.??"]
[SourceTitle "Verband Muensterland"]
[SourceDate "2022.09.15"]
[SourceVersion "1"]
[SourceVersionDate "2022.09.15"]
[SourceQuality "1"]
[WhiteTeam "Raesfeld Erle II"]
[BlackTeam "Gronau"]
[WhiteTeamCountry "GER"]
[BlackTeamCountry "GER"]

1. d4 Nf6 2. Bf4 d5 3. Nf3 e6 4. e3 Bd6 5. Bg3 O-O 6. Nbd2 b6 7. c3 Bb7 8. Bd3
c5 9. Ne5 Nc6 10. O-O Rc8 11. f4 Qe7 12. Bh4 Qd8 13. Qf3 Be7 14. Qh3 Nxe5 15.
fxe5 Ne4 16. Bxe7 Qxe7 17. Nxe4 dxe4 18. Be2 Qg5 19. Rad1 Rfd8 1/2-1/2

[Event "SC Gronau 1 - SG Turm Raesfeld/Erle 2"]
[Site "Regionalliga, Gr. 2 2022/2023"]
[Date "2023.02.25"]
[Round "5.4"]
[White "Luetkehermoelle, Martin"]
[Black "Broemmel, Chris"]
[Result "1-0"]
[WhiteElo "1928"]
[BlackElo "1841"]
[PlyCount "55"]
[EventDate "2023.??.??"]
[SourceTitle "Verband Muensterland"]
[SourceDate "2022.09.15"]
[SourceVersion "1"]
[SourceVersionDate "2022.09.15"]
[SourceQuality "1"]
[WhiteTeam "Gronau"]
[BlackTeam "Raesfeld Erle II"]
[WhiteTeamCountry "GER"]
[BlackTeamCountry "GER"]

1. e4 d5 2. exd5 Qxd5 3. Nf3 Bg4 4. Be2 Nf6 5. d4 e6 6. c4 Qa5+ 7. Nbd2 Nc6 8.
O-O Rd8 9. Nb3 Qf5 10. h3 Bxf3 11. Bxf3 Be7 12. Re1 O-O 13. Bxc6 bxc6 14. g4
Qg6 15. Re5 Nd7 16. Ra5 f5 17. Qe2 Bh4 18. f3 h5 19. g5 Bxg5 20. Qg2 f4 21.
Rxg5 Qf6 22. Bd2 e5 23. Bc3 Rde8 24. Rg6 Qf7 25. Bb4 c5 26. Nxc5 Rb8 27. Nxd7
Qxd7 28. Bxf8 1-0

[Event "SC Gronau 1 - SG Turm Raesfeld/Erle 2"]
[Site "Regionalliga, Gr. 2 2022/2023"]
[Date "2023.02.25"]
[Round "5.6"]
[White "Langendijk, Andre"]
[Black "Kadenbach, Wolfgang"]
[Result "1/2-1/2"]
[WhiteElo "1896"]
[BlackElo "1736"]
[PlyCount "49"]
[EventDate "2023.??.??"]
[SourceTitle "Verband Muensterland"]
[SourceDate "2022.09.15"]
[SourceVersion "1"]
[SourceVersionDate "2022.09.15"]
[SourceQuality "1"]
[WhiteTeam "Gronau"]
[BlackTeam "Raesfeld Erle II"]
[WhiteTeamCountry "GER"]
[BlackTeamCountry "GER"]

1. d4 Nf6 2. Bg5 h6 3. Bxf6 exf6 4. e3 d5 5. c4 Bb4+ 6. Nc3 Bxc3+ 7. bxc3 O-O
8. Qb3 dxc4 9. Bxc4 Nc6 10. Ne2 Na5 11. Qb4 Nxc4 12. Qxc4 a5 13. O-O b6 14.
Rfe1 Bb7 15. Rad1 Qd5 16. Qxd5 Bxd5 17. Rd2 g5 18. f3 Rfe8 19. e4 Bc4 20. d5
Rad8 21. Kf2 c6 22. Red1 cxd5 23. exd5 Rxd5 24. Ng3 Rde5 25. Ne4 1/2-1/2

[Event "SC Gronau 1 - SG Turm Raesfeld/Erle 2"]
[Site "Regionalliga, Gr. 2 2022/2023"]
[Date "2023.02.25"]
[Round "5.7"]
[White "Droste, Laurenz"]
[Black "Rothkegel, Juergen"]
[Result "0-1"]
[WhiteElo "1603"]
[BlackElo "1887"]
[PlyCount "76"]
[EventDate "2023.??.??"]
[SourceTitle "Verband Muensterland"]
[SourceDate "2022.09.15"]
[SourceVersion "1"]
[SourceVersionDate "2022.09.15"]
[SourceQuality "1"]
[WhiteTeam "Raesfeld Erle II"]
[BlackTeam "Gronau"]
[WhiteTeamCountry "GER"]
[BlackTeamCountry "GER"]

1. f4 d5 2. e3 g6 3. Nf3 Bg7 4. Be2 c5 5. Nc3 Nc6 6. Bb5 Bg4 7. O-O Rc8 8. Ne2
Bxf3 9. Rxf3 a6 10. Bxc6+ Rxc6 11. c3 Nf6 12. a4 b6 13. Qf1 e6 14. b3 O-O 15.
Ng3 Qc8 16. Ba3 Rd8 17. b4 cxb4 18. Bxb4 Ne4 19. Nxe4 dxe4 20. Rf2 Rd3 21. a5
b5 22. g4 f5 23. Qg2 Qd7 24. h4 Bf8 25. h5 Bxb4 26. cxb4 Rb3 27. hxg6 hxg6 28.
Qh3 Qh7 29. Qg3 Rxb4 30. Rh2 Qg7 31. Rf1 Rbc4 32. Qh4 Rd6 33. Qg5 Rc2 34. Rh6
Rdxd2 35. Rb1 Kf7 36. Qh4 Rg2+ 37. Kf1 Rcf2+ 38. Ke1 Qc3+ 0-1

[Event "SC Gronau 1 - SG Turm Raesfeld/Erle 2"]
[Site "Regionalliga, Gr. 2 2022/2023"]
[Date "2023.02.25"]
[Round "5.8"]
[White "Reinhold, Klaus"]
[Black "Ridder, David"]
[Result "1/2-1/2"]
[WhiteElo "1812"]
[BlackElo "1636"]
[PlyCount "38"]
[EventDate "2023.??.??"]
[SourceTitle "Verband Muensterland"]
[SourceDate "2022.09.15"]
[SourceVersion "1"]
[SourceVersionDate "2022.09.15"]
[SourceQuality "1"]
[WhiteTeam "Gronau"]
[BlackTeam "Raesfeld Erle II"]
[WhiteTeamCountry "GER"]
[BlackTeamCountry "GER"]

1. d4 d5 2. c4 e6 3. Nf3 Nf6 4. Nc3 a6 5. Bf4 dxc4 6. a4 c5 7. e3 Nc6 8. Bxc4
cxd4 9. exd4 Be7 10. O-O O-O 11. d5 exd5 12. Nxd5 Nxd5 13. Bxd5 Bf6 14. Qb3 Na5
15. Qa2 Qb6 16. Be5 Bg4 17. Rfe1 Bxf3 18. Bxf3 Bxe5 19. Rxe5 Nc6 1/2-1/2

[Event "SG Turm Raesfeld/Erle 1 - TV Borken 1"]
[Site "Regionalliga, Gr. 2 2022/2023"]
[Date "2023.02.25"]
[Round "5.1"]
[White "Schulze Schwering, Philipp"]
[Black "Wilger, Frank"]
[Result "1/2-1/2"]
[WhiteElo "2025"]
[BlackElo "2109"]
[PlyCount "104"]
[EventDate "2023.??.??"]
[SourceTitle "Verband Muensterland"]
[SourceDate "2022.09.15"]
[SourceVersion "1"]
[SourceVersionDate "2022.09.15"]
[SourceQuality "1"]
[WhiteTeam "Borken"]
[BlackTeam "Raesfeld Erle"]
[WhiteTeamCountry "GER"]
[BlackTeamCountry "GER"]

1. d4 Nf6 2. Nf3 e6 3. g3 b6 4. Bg2 Bb7 5. O-O Be7 6. b3 O-O 7. Bb2 d6 8. c4
Nbd7 9. Nc3 Ne4 10. Qc2 Nxc3 11. Qxc3 Nf6 12. Rfd1 a5 13. d5 e5 14. Qc2 h6 15.
Rac1 Nh7 16. e4 Bc8 17. Ne1 Bg5 18. Rb1 f5 19. Nd3 Qe8 20. Qe2 Qf7 21. f3 Qh5
22. Nf2 fxe4 23. Nxe4 Bd7 24. Rf1 Rf7 25. Rbe1 Raf8 26. a3 Be7 27. b4 axb4 28.
axb4 Ng5 29. Nxg5 hxg5 30. c5 bxc5 31. bxc5 g4 32. fxg4 Bxg4 33. Qc4 Bf3 34.
cxd6 Bxd6 35. Bc3 e4 36. Qd4 Qg5 37. Bxf3 Rxf3 38. Rxf3 exf3 39. Rf1 Bxg3 40.
Qxg7+ Qxg7 41. Bxg7 Bxh2+ 42. Kxh2 Kxg7 43. Kg3 f2 44. Rxf2 Rxf2 45. Kxf2 Kf6
46. d6 cxd6 47. Ke2 Ke6 48. Kd2 Kf5 49. Kd3 Ke5 50. Ke3 Kd5 51. Kd3 Kc5 52. Kc3
d5 1/2-1/2

[Event "SG Turm Raesfeld/Erle 1 - TV Borken 1"]
[Site "Regionalliga, Gr. 2 2022/2023"]
[Date "2023.02.25"]
[Round "5.2"]
[White "Buendgen, Achim"]
[Black "Schroer, Klaus"]
[Result "1-0"]
[WhiteElo "2069"]
[BlackElo "1998"]
[PlyCount "107"]
[EventDate "2023.??.??"]
[SourceTitle "Verband Muensterland"]
[SourceDate "2022.09.15"]
[SourceVersion "1"]
[SourceVersionDate "2022.09.15"]
[SourceQuality "1"]
[WhiteTeam "Raesfeld Erle"]
[BlackTeam "Borken"]
[WhiteTeamCountry "GER"]
[BlackTeamCountry "GER"]

1. e4 d6 2. d4 Nf6 3. Nc3 e5 4. Nf3 Nbd7 5. Bc4 Be7 6. O-O h6 7. Re1 c6 8. a4
a5 9. b3 O-O 10. Bb2 Re8 11. Bd3 Qc7 12. Ne2 g6 13. Ng3 Bf8 14. Qd2 b6 15. Rad1
Bb7 16. h4 Bg7 17. h5 Rad8 18. hxg6 fxg6 19. Nh4 Kh7 20. f4 Nf8 21. Nf3 Ng4 22.
f5 d5 23. exd5 exd4 24. fxg6+ Kh8 25. Rxe8 Rxe8 26. d6 Qxd6 27. Nf5 Qxg6 28.
Nxg7 Qxg7 29. Bxd4 Nf6 30. Qf4 N8d7 31. Bf5 c5 32. Bxd7 cxd4 33. Bxe8 Nxe8 34.
Qxd4 Nf6 35. Qf4 Bd5 36. c4 Be4 37. Rd8+ Kh7 38. Rd6 Bxf3 39. Qxf3 Ng8 40. Qf5+
Kh8 41. Rd7 Qa1+ 42. Kh2 Nf6 43. Rd6 Ng8 44. Rxb6 Qd4 45. Re6 Qh4+ 46. Kg1 Qd4+
47. Qf2 Qd1+ 48. Re1 Qxb3 49. Qd4+ Kh7 50. Rf1 Qb7 51. Qd5 Qa7+ 52. c5 Ne7 53.
Rf7+ Kg6 54. Qe6+ 1-0

[Event "SG Turm Raesfeld/Erle 1 - TV Borken 1"]
[Site "Regionalliga, Gr. 2 2022/2023"]
[Date "2023.02.25"]
[Round "5.3"]
[White "Beckmann, David"]
[Black "Vinke, Maarten"]
[Result "0-1"]
[WhiteElo "2019"]
[BlackElo "2081"]
[PlyCount "94"]
[EventDate "2023.??.??"]
[SourceTitle "Verband Muensterland"]
[SourceDate "2022.09.15"]
[SourceVersion "1"]
[SourceVersionDate "2022.09.15"]
[SourceQuality "1"]
[WhiteTeam "Borken"]
[BlackTeam "Raesfeld Erle"]
[WhiteTeamCountry "GER"]
[BlackTeamCountry "GER"]

1. d4 d5 2. Nf3 Nf6 3. g3 Bf5 4. Bg2 e6 5. O-O h6 6. c4 c6 7. Qb3 Qb6 8. c5 Qa6
9. Nc3 Nbd7 10. Bf4 Be7 11. Ne5 Nxe5 12. Bxe5 O-O 13. Rfe1 Nd7 14. e4 dxe4 15.
Bf1 Qa5 16. Bf4 e5 17. Bxe5 Nxe5 18. dxe5 Qxc5 19. Nxe4 Qxe5 20. Qf3 Bxe4 21.
Rxe4 Qxb2 22. Rd1 Bf6 23. Bc4 Rad8 24. Rxd8 Rxd8 25. Bb3 g6 26. Kg2 Kg7 27. h4
h5 28. Rb4 Rd7 29. Re4 c5 30. Re8 b5 31. Qc6 Bd4 32. Qf3 c4 33. Re2 Qc3 34. Qc6
Rd8 35. Bc2 b4 36. Bxg6 Bf6 37. Bxh5 Qd3 38. Re4 Rd4 39. Re3 Qf5 40. Rf3 Qe6
41. Qc7 c3 42. g4 Rc4 43. Qg3 Qe5 44. Qh3 c2 45. g5 c1=Q 46. gxf6+ Kh6 47. Bxf7
Qee1 0-1

[Event "SG Turm Raesfeld/Erle 1 - TV Borken 1"]
[Site "Regionalliga, Gr. 2 2022/2023"]
[Date "2023.02.25"]
[Round "5.4"]
[White "Gesing, Felix"]
[Black "Farwick, Christian"]
[Result "1/2-1/2"]
[WhiteElo "2030"]
[BlackElo "1890"]
[PlyCount "40"]
[EventDate "2023.??.??"]
[SourceTitle "Verband Muensterland"]
[SourceDate "2022.09.15"]
[SourceVersion "1"]
[SourceVersionDate "2022.09.15"]
[SourceQuality "1"]
[WhiteTeam "Raesfeld Erle"]
[BlackTeam "Borken"]
[WhiteTeamCountry "GER"]
[BlackTeamCountry "GER"]

1. e4 c5 2. c3 e6 3. d4 cxd4 4. cxd4 d6 5. Nc3 Be7 6. Nf3 Bd7 7. Bd3 Nf6 8. O-O
O-O 9. Bg5 Nc6 10. Qe2 Ne8 11. Bxe7 Qxe7 12. e5 d5 13. h4 f5 14. exf6 Qxf6 15.
Rad1 Nd6 16. Ne5 Be8 17. Qg4 Nf5 18. Bxf5 Qxf5 19. Qxf5 Rxf5 20. Nxc6 Bxc6
1/2-1/2

[Event "SG Turm Raesfeld/Erle 1 - TV Borken 1"]
[Site "Regionalliga, Gr. 2 2022/2023"]
[Date "2023.02.25"]
[Round "5.5"]
[White "Boldrick, Marcel"]
[Black "Beckmann, Klaus2"]
[Result "1-0"]
[WhiteElo "1730"]
[BlackElo "2060"]
[PlyCount "133"]
[EventDate "2023.??.??"]
[SourceTitle "Verband Muensterland"]
[SourceDate "2022.09.15"]
[SourceVersion "1"]
[SourceVersionDate "2022.09.15"]
[SourceQuality "1"]
[WhiteTeam "Borken"]
[BlackTeam "Raesfeld Erle"]
[WhiteTeamCountry "GER"]
[BlackTeamCountry "GER"]

1. e4 e5 2. Nf3 d5 3. d4 dxe4 4. Nxe5 Bd6 5. Nc3 Bxe5 6. dxe5 Qxd1+ 7. Kxd1 Bf5
8. h3 Nc6 9. Bb5 O-O-O+ 10. Ke2 Nd4+ 11. Ke3 Nxc2+ 12. Kf4 Nxa1 13. Kxf5 Nc2
14. Ba4 Nd4+ 15. Kxe4 Ne6 16. Be3 g6 17. g4 Ne7 18. f4 Nc6 19. f5 Nf8 20. Nd5
Nd7 21. Bxc6 bxc6 22. Ne7+ Kb7 23. Rc1 c5 24. Rc3 Rhe8 25. Rb3+ Nb6 26. Bxc5
Rd7 27. f6 Rd2 28. Kf4 h6 29. Nxg6 Rc2 30. Bxb6 axb6 31. Ne7 Rc4+ 32. Kf5 Rc2
33. h4 Rf2+ 34. Ke4 Re2+ 35. Re3 Rxb2 36. Nf5 Rb4+ 37. Kf3 Rh8 38. g5 hxg5 39.
hxg5 Rh3+ 40. Ng3 Ra4 41. g6 fxg6 42. e6 g5 43. e7 g4+ 44. Kf2 Rxa2+ 45. Re2
Rh2+ 46. Kf1 Ra1+ 47. Re1 Raa2 48. Rd1 Raf2+ 49. Ke1 Rxf6 50. e8=Q Rhh6 51.
Qe4+ Rc6 52. Qxg4 Rce6+ 53. Kf1 Ref6+ 54. Kg2 Rc6 55. Rd8 Rc2+ 56. Ne2 b5 57.
Qe4+ Rhc6 58. Kf3 R2c4 59. Nd4 Rc3+ 60. Kf4 R3c4 61. Rd5 b4 62. Rb5+ Ka6 63.
Rb8 Rf6+ 64. Ke5 Rfc6 65. Qxc6+ Rxc6 66. Nxc6 b3 67. Nd4 1-0